Summer Olympics Non-Capital Cities - Statistics

General Stats
  • This quiz has been taken 17 times
  • The average score is 9 of 11
Answer Stats
Years City % Correct
1972 Munich
100%
2016 Rio de Janeiro
100%
2000 Sydney
94%
1996 Atlanta
88%
1992 Barcelona
88%
1932, 1984, 2028 Los Angeles
88%
1956 Melbourne
75%
1920 Antwerp
69%
1976 Montreal
69%
1904 St. Louis
56%
2032 Brisbane
50%
No matching quizzes found
Score Distribution
Percent of People with Each Score
Percentile by Number Answered
Your Score History
You have not taken this quiz